| 000 | 00711pam a2200253 i 4500 | ||
|---|---|---|---|
| 001 | 3180606 | ||
| 003 | NUST - PNEC | ||
| 005 | 20170116181003.0 | ||
| 008 | 760904s1977 nyua b 001 0 eng | ||
| 010 | _a 76043336 | ||
| 020 | _a0070038929 | ||
| 040 | _cLIBRARY | ||
| 082 | 0 | 0 | _a001.64 BAR |
| 100 | 1 | _aBartee, Thomas C. | |
| 245 | 1 | 0 |
_aDigital computer fundamentals / _cThomas C. Bartee. |
| 250 | _a4th ed. | ||
| 260 |
_aNew York : _bMcGraw-Hill, _cc1977. |
||
| 300 |
_axii, 563 p. : _bill. ; _c25 cm. |
||
| 500 | _aIncludes index. | ||
| 504 | _aBibliography: p. 521-526. | ||
| 650 | 0 |
_aElectronic digital computers. _xEL |
|
| 906 |
_a7 _bcbc _corignew _d1 _eocip _f19 _gy-gencatlg |
||
| 942 |
_2ddc _cBK |
||
| 999 |
_c66796 _d66796 |
||